000 00873nam a2200277 a 4500
001 10172
003 BD-RjUL
005 20211208234915.0
008 140123s1984 enka b 001 0 eng
020 _a027302034X (pbk.) :
035 _a(BD-RjUL)10220
040 _aDLC
_cDLC
_dDLC
_dBD-RjUL
_beng
041 _aeng
082 0 0 _a338.4766
_219
_bCAP 1984
100 1 _aCasey, R. J.
_931404
245 1 0 _aProblem solving in the chemical industry /
_cR.J. Casey and M.J. Frazer.
260 _aLondon ;
_aMarshfield, Mass. :
_bPitman,
_cc1984.
300 _a121 p. :
_bill. ;
_c23 cm.
504 _aIncludes bibliographical references and index.
650 0 _aChemical engineering
_xCase studies.
_931405
650 0 _aProblem solving.
_919627
700 1 _aFrazer, M. J.
_q(Malcolm John)
_931406
942 _2ddc
_cBK
999 _c10172
_d10172